| 000 | 00924nam a22002297a 4500 | ||
|---|---|---|---|
| 999 |
_c177041 _d177041 |
||
| 005 | 20210205124728.0 | ||
| 010 | _aB-736840 | ||
| 020 |
_a9788172242794 _c295.00 |
||
| 035 | _aB-736840 | ||
| 037 | _bGift/Eng/03-02-2021 | ||
| 082 | _a944.05092 | ||
| 100 | _aLudwig, Emil | ||
| 245 |
_aNapoleon: a great soldier, politician, lover and first modern European: _bthe definitive biography / _cby Emil Ludwig ; translated by Eden & Cedar paul |
||
| 260 |
_bJaico Publishing House _c2010 _aMumbai |
||
| 270 |
_aA-2, Jash Chambers, 7-A Sir Phirozshah Mehta Road, Fort _bMumbai _e400001 |
||
| 300 |
_a636p. _c22cm(pbk) |
||
| 650 |
_aHistory _zSecond world war |
||
| 700 | _aPaul, Eden | ||
| 700 | _aPaul, Cedar | ||
| 942 |
_2ddc _cEN _h944.05092 _mLUD |
||